Systems analysis for librarians and information professionals / (Record no. 2949)

MARC details
000 -LEADER
fixed length control field 00822cam a22002412 4500
001 - CONTROL NUMBER
control field 0000005359
005 - DATE AND TIME OF LATEST TRANSACTION
control field 20151217145824.0
008 - FIXED-LENGTH DATA ELEMENTS--GENERAL INFORMATION
fixed length control field 071023s xx 000 0 eng d
020 ## - INTERNATIONAL STANDARD BOOK NUMBER
International Standard Book Number 156308693x :
Terms of availability KES
040 ## - CATALOGING SOURCE
Original cataloging agency KABU
Transcribing agency KABU
100 1# - MAIN ENTRY--PERSONAL NAME
Personal name Osborne, Larry N.
-- 0000156630
245 10 - TITLE STATEMENT
Title Systems analysis for librarians and information professionals /
Statement of responsibility, etc. Larry N. Osborne and Margaret Nakamura.
250 ## - EDITION STATEMENT
Edition statement 2nd ed.
260 ## - PUBLICATION, DISTRIBUTION, ETC. (IMPRINT)
Place of publication, distribution, etc. Englewood, Colorado :
Name of publisher, distributor, etc. Libraries Unlimited,
Date of publication, distribution, etc. 1999.
300 ## - PHYSICAL DESCRIPTION
Extent xviii, 261 p.
650 #0 - SUBJECT ADDED ENTRY--TOPICAL TERM
Topical term or geographic name as entry element Libraries
General subdivision Automation.
-- 0000156628
650 #0 - SUBJECT ADDED ENTRY--TOPICAL TERM
Topical term or geographic name as entry element System analysis.
-- 0000148439
650 #0 - SUBJECT ADDED ENTRY--TOPICAL TERM
Topical term or geographic name as entry element Library administration.
-- 0000156619
700 1# - ADDED ENTRY--PERSONAL NAME
Personal name Nakamura, Margaret.
-- 0000156631
908 ## - PUT COMMAND PARAMETER (RLIN)
Put command parameter 071023
950 ## - LOCAL HOLDINGS (RLIN)
-- 1
Holdings
Withdrawn status Lost status Source of classification or shelving scheme Not for loan Home library Current library Date acquired Total Checkouts Full call number Barcode Date last seen Price effective from Koha item type
    Library of Congress Classification   Kabarak, Main Campus Kabarak, Main Campus 17/12/2015   Z678.9 O83 1999 010413 17/12/2015 17/12/2015 General Collection
    Library of Congress Classification   Kabarak, Main Campus Kabarak, Main Campus 17/12/2015   Z678.9 O83 1999 010748 17/12/2015 17/12/2015 General Collection
Designed with assistance from East African Informatics Ltd